000 00252nam a2200097Ia 4500
001 642370
005 20250826153525.0
008 250824s9999 xx 000 0 und d
245 0 _aDört Kardeştiler Gökkuş Diz
_cGülten Dayıoğlu
260 _bALTIN
999 _c642370
_d642370